[Event "POL-chT 1st League"]
[Site "Szklarska Poreba"]
[Date "2021.09.10"]
[Round "7.7"]
[White "Sernecki, Franciszek"]
[Black "Przewoznik, Jan"]
[Result "1-0"]
[WhiteElo "2211"]
[BlackElo "2309"]
[PlyCount "85"]
[EventDate "2021.09.04"]
[EventType "team-swiss"]
[EventRounds "9"]
[EventCountry "POL"]
[SourceTitle "CBM 204 Extra"]
[Source "ChessBase"]
[SourceDate "2021.11.30"]
[SourceVersion "1"]
[SourceVersionDate "2021.11.30"]
[SourceQuality "1"]
[WhiteTeam "Sedziszow Malopolski"]
[BlackTeam "Podlesie UKS 21"]
[WhiteTeamCountry "POL"]
[BlackTeamCountry "POL"]

1. d4 Nf6 2. c4 e6 3. Nf3 d5 4. Nc3 Nbd7 5. e3 c6 6. Bd3 Bd6 7. e4 dxe4 8. Nxe4 Nxe4 9. Bxe4 Nf6 10. Bc2 Bb4+ 11. Bd2 Qa5 12. 0-0 Bxd2 13. Nxd2 0-0 14. a3 e5 15. b4 Qc7 16. dxe5 Qxe5 17. Re1 Qd4 18. Ne4 Qxd1 19. Nxf6+ gxf6 20. Raxd1 Be6 21. Rd4 h6 22. Red1 a5 23. f4 axb4 24. axb4 f5 25. g4 fxg4 26. f5 Bc8 27. Rxg4+ Kh8 28. Rg2 Rg8 29. Be4 Rxg2+ 30. Kxg2 Kg7 31. Rd6 Kf8 32. Rxh6 Ke7 33. Rh8 Ra2+ 34. Kg3 Bd7 35. Rb8 b5 36. Rb7 Kd8 37. cxb5 cxb5 38. Rb8+ Ke7 39. Rb6 Ra3+ 40. Kf4 Rh3 41. f6+ Kd8 42. Rb8+ Kc7 43. Rb7+ 1-0

[Event "POL-chT 1st League"]
[Site "Szklarska Poreba"]
[Date "2021.09.09"]
[Round "6.9"]
[White "Przewoznik, Jan"]
[Black "Kulesza, Andrzej"]
[Result "1-0"]
[WhiteElo "2309"]
[BlackElo "1983"]
[PlyCount "119"]
[EventDate "2021.09.04"]
[EventType "team-swiss"]
[EventRounds "9"]
[EventCountry "POL"]
[SourceTitle "CBM 204 Extra"]
[Source "ChessBase"]
[SourceDate "2021.11.30"]
[SourceVersion "1"]
[SourceVersionDate "2021.11.30"]
[SourceQuality "1"]
[WhiteTeam "Podlesie UKS 21"]
[BlackTeam "Krakow Gens Una Sumus"]
[WhiteTeamCountry "POL"]
[BlackTeamCountry "POL"]

1. e4 c5 2. Nf3 d6 3. c3 Nf6 4. Be2 g6 5. 0-0 Bg7 6. Bb5+ Bd7 7. Bxd7+ Nbxd7 8. Re1 Ne5 9. d4 Nxf3+ 10. Qxf3 cxd4 11. cxd4 Nd7 12. Be3 0-0 13. Nc3 Rc8 14. Rac1 a6 15. Rc2 b5 16. Rec1 Nb6 17. b3 Qd7 18. Qe2 Qb7 19. d5 Rc7 20. f3 Rfc8 21. Nd1 Nd7 22. Nf2 Nc5 23. Kf1 Kf8 24. g4 Nd7 25. Kg2 Rxc2 26. Rxc2 Rc7 27. Nd3 Qc8 28. Rxc7 Qxc7 29. Nb4 Nb8 30. Kf2 Qc3 31. Qc2 Ke8 32. Ke2 Kd7 33. Qxc3 Bxc3 34. Nc2 Kc7 35. Kd3 Ba5 36. Bg5 Kd8 37. Be3 Kc7 38. f4 Nd7 39. g5 Nc5+ 40. Bxc5 dxc5 41. e5 Kb7 42. Ne3 Kc8 43. Ng4 Kd7 44. Nf2 Bb6 45. Ne4 Ba7 46. h3 Bb6 47. a4 Kc7 48. axb5 axb5 49. Nc3 c4+ 50. bxc4 bxc4+ 51. Kxc4 Be3 52. d6+ Kd7 53. Nd5 Bc1 54. dxe7 Bd2 55. Kd3 Bc1 56. Ke4 Bd2 57. f5 gxf5+ 58. Kxf5 Ba5 59. Kf6 Ke8 60. h4 1-0

[Event "Ustron op-A"]
[Site "Ustron"]
[Date "2021.08.15"]
[Round "4"]
[White "Przewoznik, Jan"]
[Black "Warakomski, Tomasz"]
[Result "0-1"]
[WhiteElo "2314"]
[BlackElo "2510"]
[PlyCount "62"]
[EventDate "2021.08.13"]
[EventType "swiss"]
[EventRounds "9"]
[EventCountry "POL"]
[SourceTitle "CBM 203 Extra"]
[Source "ChessBase"]
[SourceDate "2021.09.30"]
[SourceVersion "1"]
[SourceVersionDate "2021.09.30"]
[SourceQuality "1"]

1. d4 Nf6 2. Bf4 c5 3. e3 Qb6 4. Nc3 d6 5. a3 a6 6. Nf3 g6 7. Be2 Bg7 8. h3 0-0 9. 0-0 Nc6 10. d5 Na7 11. Nd2 Bd7 12. a4 Qxb2 13. Nc4 Qxc3 14. Ra3 Ne4 15. Rxc3 Nxc3 16. Qd2 Bxa4 17. Nb6 Bb5 18. Bxb5 Naxb5 19. Nxa8 Rxa8 20. Qd3 a5 21. Rb1 a4 22. Rxb5 a3 23. Rxb7 a2 24. Rxe7 a1Q+ 25. Kh2 Qe1 26. Bxd6 Ne2 27. h4 Bf8 28. Qe4 Bxe7 29. Qxe7 Qg1+ 30. Kh3 Qxf2 31. Kh2 h5 0-1

[Event "POL-chT 63rd"]
[Site "Ustron"]
[Date "2007.09.07"]
[Round "7"]
[White "Jasik, Krzysztof"]
[Black "Przewoznik, Jan"]
[Result "1-0"]
[WhiteElo "2310"]
[BlackElo "2389"]
[PlyCount "97"]
[EventDate "2007.09.01"]
[EventType "team-tourn"]
[EventRounds "9"]
[EventCountry "POL"]
[SourceTitle "EXT 2019"]
[Source "ChessBase"]
[SourceDate "2018.10.10"]
[SourceVersion "1"]
[SourceVersionDate "2018.10.10"]
[SourceQuality "1"]
[WhiteTeam "Brzeg Prokonex"]
[BlackTeam "Gorzow Wielkopolski Stilon"]
[WhiteTeamCountry "POL"]
[BlackTeamCountry "POL"]

1. e4 d5 2. exd5 Qxd5 3. Nc3 Qa5 4. d4 Bf5 5. d5 Nf6 6. Bd2 c6 7. Qf3 g6 8. Bc4 Bg7 9. Nge2 0-0 10. Nd4 Bd7 11. 0-0 cxd5 12. Nb3 Qc7 13. Bxd5 Nc6 14. Bf4 Qc8 15. h3 Nxd5 16. Nxd5 e6 17. Nc3 Ne5 18. Qe4 Nc4 19. Bc1 b5 20. Nd4 b4 21. Nce2 e5 22. Nf3 Bf5 23. Qh4 Bxc2 24. Bh6 f6 25. Bxg7 Kxg7 26. Rfc1 Bd3 27. Ng3 Qe6 28. b3 Nb6 29. Qxb4 Rf7 30. Ne1 Ba6 31. Ne4 Nd5 32. Qa5 Bb7 33. Nc5 Qb6 34. Nxb7 Qxb7 35. Nd3 h5 36. Rc5 Rd7 37. Rb5 Qc6 38. Rc1 Qd6 39. Nc5 Nf4 40. Nxd7 Ne2+ 41. Kh2 e4+ 42. g3 Nxc1 43. Rb7 Kh6 44. Qc3 Nd3 45. Nxf6 Nxf2 46. Nh7 Rg8 47. Qe3+ g5 48. Qxf2 Rg6 49. h4 1-0

[Event "POL-chT 63rd"]
[Site "Ustron"]
[Date "2007.09.03"]
[Round "3"]
[White "Przewoznik, Jan"]
[Black "Heberla, Bartlomiej"]
[Result "1-0"]
[WhiteElo "2389"]
[BlackElo "2484"]
[PlyCount "73"]
[EventDate "2007.09.01"]
[EventType "team-tourn"]
[EventRounds "9"]
[EventCountry "POL"]
[SourceTitle "EXT 2019"]
[Source "ChessBase"]
[SourceDate "2018.10.10"]
[SourceVersion "1"]
[SourceVersionDate "2018.10.10"]
[SourceQuality "1"]
[WhiteTeam "Gorzow Wielkopolski Stilon"]
[BlackTeam "Katowice Hetman Szopienice"]
[WhiteTeamCountry "POL"]
[BlackTeamCountry "POL"]

1. Nf3 Nf6 2. c4 g6 3. Nc3 Bg7 4. e4 0-0 5. d4 c6 6. e5 Ne8 7. h4 d6 8. exd6 Nxd6 9. h5 Bg4 10. hxg6 hxg6 11. Bh6 Bxh6 12. Rxh6 Nf5 13. Rh1 Re8 14. Qd3 Bxf3 15. Qxf3 Qxd4 16. Bd3 Qe5+ 17. Kf1 Nd4 18. Qh3 Na6 19. Re1 Qg7 20. Re4 Nf5 21. Rf4 e5 22. Rg4 Nd6 23. Rh4 Kf8 24. Qd7 Kg8 25. Qxd6 Rad8 26. Rh8+ Qxh8 27. Rxh8+ Kxh8 28. Qf6+ Kg8 29. Bxg6 fxg6 30. Qxg6+ Kf8 31. Qf6+ Kg8 32. Ne4 Rd7 33. Qg6+ Kf8 34. Nf6 Rd1+ 35. Ke2 Red8 36. Nh7+ Ke7 37. Qg7+ 1-0

[Event "POL-chT 62th"]
[Site "Ustron"]
[Date "2006.09.05"]
[Round "4"]
[White "Przewoznik, Jan"]
[Black "Rozentalis, Eduardas"]
[Result "0-1"]
[WhiteElo "2393"]
[BlackElo "2605"]
[PlyCount "91"]
[EventDate "2006.09.02"]
[EventType "team-tourn"]
[EventRounds "9"]
[EventCountry "POL"]
[SourceTitle "EXT 2019"]
[Source "ChessBase"]
[SourceDate "2018.10.10"]
[SourceVersion "1"]
[SourceVersionDate "2018.10.10"]
[SourceQuality "1"]
[WhiteTeam "Gorzow Wielkopolski Stilon"]
[BlackTeam "Warszawa Polonia"]
[WhiteTeamCountry "POL"]
[BlackTeamCountry "POL"]

1. Nf3 d6 2. d4 Bg4 3. h3 Bxf3 4. exf3 g6 5. f4 Bg7 6. Bd3 e6 7. 0-0 Ne7 8. c3 Nd7 9. Qe2 0-0 10. Nd2 c5 11. dxc5 Nxc5 12. Bc2 Qc7 13. h4 h5 14. Nf3 a6 15. a4 Rab8 16. Ng5 Nf5 17. g3 b5 18. axb5 axb5 19. Bd2 d5 20. Rfd1 Rfe8 21. Ra2 Qb6 22. Bxf5 exf5 23. Be3 Qc6 24. Qd2 Rbd8 25. Ra7 Ne4 26. Qd3 Nxg5 27. hxg5 Re4 28. Ra5 Rc4 29. Rda1 b4 30. Ra6 Qe8 31. Bd4 Bxd4 32. cxd4 Qe4 33. Rd1 Rc1 34. Qf1 Rxd1 35. Qxd1 Rc8 36. b3 h4 37. Ra2 hxg3 38. fxg3 Qe3+ 39. Kh2 Rc1 40. Qe2 Qg1+ 41. Kh3 Qh1+ 42. Qh2 Qf3 43. Rf2 Qg4+ 44. Kg2 Qd1 45. Kh3 Qxd4 46. Rc2 0-1

[Event "POL-chT 61st"]
[Site "Lubniewice"]
[Date "2005.09.08"]
[Round "6"]
[White "Szymanski, Marcin"]
[Black "Przewoznik, Jan"]
[Result "1-0"]
[WhiteElo "2435"]
[BlackElo "2404"]
[PlyCount "93"]
[EventDate "2005.09.03"]
[EventType "team-tourn"]
[EventRounds "9"]
[EventCountry "POL"]
[SourceTitle "EXT 2019"]
[Source "ChessBase"]
[SourceDate "2018.10.10"]
[SourceVersion "1"]
[SourceVersionDate "2018.10.10"]
[SourceQuality "1"]
[WhiteTeam "Suwalki Hancza"]
[BlackTeam "Gorzow Wielkopolski Stilon"]
[WhiteTeamCountry "POL"]
[BlackTeamCountry "POL"]

1. d4 Nf6 2. Bg5 e6 3. e4 h6 4. Bxf6 Qxf6 5. Nc3 g6 6. Qd2 b6 7. f4 Bb7 8. Nf3 Bg7 9. 0-0-0 Qe7 10. Bd3 d6 11. f5 0-0 12. Qf4 Nd7 13. fxg6 fxg6 14. Qg3 Qf7 15. Kb1 g5 16. Rdf1 Qh5 17. Bc4 Rae8 18. Nb5 g4 19. Nxc7 d5 20. Nxe8 Qxe8 21. exd5 exd5 22. Bb5 gxf3 23. Rxf3 Rxf3 24. gxf3 a6 25. Rg1 Qf7 26. Qxg7+ Qxg7 27. Rxg7+ Kxg7 28. Bxd7 Kf6 29. h4 a5 30. Kc1 Kg6 31. Bg4 Kf6 32. Kd2 Bc6 33. Ke3 Be8 34. Bh3 Bb5 35. Bg2 Bd7 36. Bf1 Be6 37. Kf4 Bf7 38. Bb5 Be6 39. Bc6 Bg8 40. b3 Bf7 41. Bb5 Bg6 42. c4 Bd3 43. a4 Bc2 44. cxd5 Bxb3 45. d6 Be6 46. d7 Ke7 47. Ke5 1-0

[Event "POL-chT 61st"]
[Site "Lubniewice"]
[Date "2005.09.07"]
[Round "5"]
[White "Przewoznik, Jan"]
[Black "Kuzmicz, Krystian"]
[Result "1/2-1/2"]
[WhiteElo "2404"]
[BlackElo "2357"]
[PlyCount "26"]
[EventDate "2005.09.03"]
[EventType "team-tourn"]
[EventRounds "9"]
[EventCountry "POL"]
[SourceTitle "EXT 2019"]
[Source "ChessBase"]
[SourceDate "2018.10.10"]
[SourceVersion "1"]
[SourceVersionDate "2018.10.10"]
[SourceQuality "1"]
[WhiteTeam "Gorzow Wielkopolski Stilon"]
[BlackTeam "Rzeszow Zelmer"]
[WhiteTeamCountry "POL"]
[BlackTeamCountry "POL"]

1. Nf3 d6 2. d4 Nf6 3. c4 Nbd7 4. Nc3 e5 5. e4 Be7 6. Be2 0-0 7. 0-0 c6 8. Qc2 Qc7 9. Rb1 a6 10. b4 b5 11. Rd1 Bb7 12. h3 Rfe8 13. Be3 Bf8 1/2-1/2

[Event "POL-chT 61st"]
[Site "Lubniewice"]
[Date "2005.09.05"]
[Round "3"]
[White "Przewoznik, Jan"]
[Black "Owczarzak, Jerzy"]
[Result "0-1"]
[WhiteElo "2404"]
[BlackElo "2368"]
[PlyCount "120"]
[EventDate "2005.09.03"]
[EventType "team-tourn"]
[EventRounds "9"]
[EventCountry "POL"]
[SourceTitle "EXT 2019"]
[Source "ChessBase"]
[SourceDate "2018.10.10"]
[SourceVersion "1"]
[SourceVersionDate "2018.10.10"]
[SourceQuality "1"]
[WhiteTeam "Gorzow Wielkopolski Stilon"]
[BlackTeam "Poznan Pocztowiec"]
[WhiteTeamCountry "POL"]
[BlackTeamCountry "POL"]

1. Nf3 Nf6 2. c4 g6 3. Nc3 d5 4. cxd5 Nxd5 5. e4 Nxc3 6. dxc3 Qxd1+ 7. Kxd1 f6 8. Kc2 e5 9. Be3 Be6 10. Nd2 Nd7 11. Bc4 Bxc4 12. Nxc4 a5 13. a4 Bc5 14. Rhd1 b6 15. f3 Bxe3 16. Nxe3 0-0-0 17. b4 axb4 18. cxb4 Nb8 19. Nd5 Rd6 20. Ra3 Kb7 21. a5 b5 22. Rc3 Na6 23. Kb3 c6 24. Ne3 Rd4 25. Rcd3 Rxb4+ 26. Kc3 Ra4 27. Rd7+ Nc7 28. R1d6 Rxa5 29. Rxf6 Ra3+ 30. Kd2 Ra2+ 31. Kc3 Rha8 32. Nc2 c5 33. Rff7 Rc8 34. Kb3 Ra4 35. Rxh7 Kb6 36. Rd6+ Kb7 37. Rxg6 c4+ 38. Kc3 Ra2 39. Rgg7 Kb6 40. Nb4 Ra3+ 41. Kc2 Kc5 42. Nd5 Nxd5 43. exd5 b4 44. Ra7 Rxa7 45. Rxa7 Kxd5 46. Rb7 Kc5 47. Re7 Ra8 48. Rxe5+ Kd4 49. Re4+ Kd5 50. Kb2 Ra3 51. Re8 c3+ 52. Kc2 Ra2+ 53. Kd3 Rd2+ 54. Ke3 Rxg2 55. Rd8+ Kc4 56. Rc8+ Kb3 57. f4 c2 58. f5 Kb2 59. f6 Rg6 60. Kd2 b3 0-1

[Event "Warsaw AIG Life rapid"]
[Site "Warsaw"]
[Date "2004.12.18"]
[Round "?"]
[White "Przewoznik, Jan"]
[Black "Aleksandrov, Aleksej"]
[Result "0-1"]
[WhiteElo "2419"]
[BlackElo "2666"]
[PlyCount "80"]
[EventDate "2004.12.18"]
[EventType "swiss (rapid)"]
[EventRounds "9"]
[EventCountry "POL"]
[SourceTitle "CBM 103 Extra"]
[Source "ChessBase"]
[SourceDate "2005.01.01"]
[SourceVersion "1"]
[SourceVersionDate "2005.01.01"]
[SourceQuality "1"]

1. Nf3 Nf6 2. c4 e6 3. b3 d5 4. g3 a5 5. Bg2 a4 6. Bb2 a3 7. Bc1 c6 8. 0-0 Be7 9. d4 b5 10. c5 b4 11. Ne5 Nfd7 12. Nd3 Na6 13. Bd2 Rb8 14. Bf4 Rb5 15. Ne5 Nxe5 16. Bxe5 f6 17. Bf4 e5 18. dxe5 Nxc5 19. Nd2 0-0 20. exf6 Bxf6 21. Rc1 Bb2 22. Nf3 Bxc1 23. Qxc1 Ne6 24. Qxc6 Rb6 25. Qc1 Nxf4 26. gxf4 Bg4 27. Nd4 Kh8 28. h3 Bd7 29. e3 Rg6 30. Kh2 Qh4 31. f5 Rxf5 32. Nxf5 Bxf5 33. Qc7 h6 34. Rg1 Qxf2 35. Qf4 Qxf4+ 36. exf4 Rc6 37. Rd1 Rc2 38. Kg3 Rxa2 39. Rxd5 Rxg2+ 40. Kxg2 Be4+ 0-1

[Event "POL-chT 59th"]
[Site "Lubniewice"]
[Date "2003.09.07"]
[Round "9"]
[White "Jakubiec, Artur"]
[Black "Przewoznik, Jan"]
[Result "1-0"]
[WhiteElo "2537"]
[BlackElo "2408"]
[PlyCount "65"]
[EventDate "2003.08.30"]
[EventType "team-tourn"]
[EventRounds "9"]
[EventCountry "POL"]
[SourceTitle "EXT 2019"]
[Source "ChessBase"]
[SourceDate "2018.10.10"]
[SourceVersion "1"]
[SourceVersionDate "2018.10.10"]
[SourceQuality "1"]
[WhiteTeam "Plock PTSz"]
[BlackTeam "Gorzow Wielkopolski Stilon"]
[WhiteTeamCountry "POL"]
[BlackTeamCountry "POL"]

1. e4 c5 2. Nf3 d6 3. d4 cxd4 4. Nxd4 Nf6 5. Nc3 Nc6 6. Bg5 e6 7. g3 h6 8. Be3 Bd7 9. Bg2 a6 10. 0-0 Be7 11. Qe2 0-0 12. Rad1 Qc7 13. f4 Rac8 14. Nb3 b5 15. a3 b4 16. axb4 Nxb4 17. Rf2 Bc6 18. f5 e5 19. g4 Nh7 20. Qd2 Qb8 21. Nc1 Qb7 22. Nd3 Nxd3 23. cxd3 Nf6 24. g5 hxg5 25. Bxg5 Ng4 26. f6 Bxf6 27. Bxf6 gxf6 28. Rf3 Qa7+ 29. Kh1 Bd7 30. Nd5 Kg7 31. Nxf6 Rh8 32. Qg5+ Kf8 33. Nxg4 1-0

[Event "POL-chT 59th"]
[Site "Lubniewice"]
[Date "2003.09.05"]
[Round "7"]
[White "Murdzia, Piotr"]
[Black "Przewoznik, Jan"]
[Result "1-0"]
[WhiteElo "2446"]
[BlackElo "2408"]
[PlyCount "95"]
[EventDate "2003.08.30"]
[EventType "team-tourn"]
[EventRounds "9"]
[EventCountry "POL"]
[SourceTitle "EXT 2019"]
[Source "ChessBase"]
[SourceDate "2018.10.10"]
[SourceVersion "1"]
[SourceVersionDate "2018.10.10"]
[SourceQuality "1"]
[WhiteTeam "Legnica Miedz"]
[BlackTeam "Gorzow Wielkopolski Stilon"]
[WhiteTeamCountry "POL"]
[BlackTeamCountry "POL"]

1. e4 c5 2. Nf3 d6 3. d4 cxd4 4. Nxd4 Nf6 5. Nc3 Nc6 6. Bg5 e6 7. Qd2 a6 8. 0-0-0 h6 9. Be3 Bd7 10. f3 Rc8 11. Kb1 Be7 12. g4 b5 13. h4 Ne5 14. Bd3 Nxd3 15. cxd3 b4 16. Nce2 e5 17. Nf5 Bxf5 18. gxf5 d5 19. d4 dxe4 20. dxe5 Qxd2 21. Rxd2 Nd7 22. f4 b3 23. axb3 Rb8 24. Nc3 Nc5 25. f6 gxf6 26. exf6 Bf8 27. Rd5 Nxb3 28. Ba7 Rd8 29. Re5+ Kd7 30. Ka2 Ra8 31. Rd1+ Kc6 32. Kxb3 Rxa7 33. Rd8 Rb7+ 34. Ka2 Bg7 35. Rxh8 Bxh8 36. Nxe4 Rb8 37. h5 Rb5 38. Re8 Bxf6 39. Nxf6 Rf5 40. Ng4 Rxh5 41. Ne5+ Kb6 42. Nxf7 Rf5 43. Re6+ Kc7 44. Nd6 Rxf4 45. Rxh6 Rf3 46. Nc4 Rf4 47. Rh7+ Kc8 48. b3 1-0

[Event "POL-chT 59th"]
[Site "Lubniewice"]
[Date "2003.09.02"]
[Round "4"]
[White "Dobrowolski, Aleksander"]
[Black "Przewoznik, Jan"]
[Result "1/2-1/2"]
[WhiteElo "2311"]
[BlackElo "2408"]
[PlyCount "24"]
[EventDate "2003.08.30"]
[EventType "team-tourn"]
[EventRounds "9"]
[EventCountry "POL"]
[SourceTitle "EXT 2019"]
[Source "ChessBase"]
[SourceDate "2018.10.10"]
[SourceVersion "1"]
[SourceVersionDate "2018.10.10"]
[SourceQuality "1"]
[WhiteTeam "Wroclaw Polonia"]
[BlackTeam "Gorzow Wielkopolski Stilon"]
[WhiteTeamCountry "POL"]
[BlackTeamCountry "POL"]

1. e4 e5 2. Nf3 Nc6 3. Bb5 a6 4. Ba4 Nf6 5. 0-0 Be7 6. Re1 b5 7. Bb3 d6 8. c3 0-0 9. h3 Nd7 10. d4 Bf6 11. a4 Bb7 12. Na3 b4 1/2-1/2

[Event "POL-chT 59th"]
[Site "Lubniewice"]
[Date "2003.08.31"]
[Round "2"]
[White "Markowski, Tomasz"]
[Black "Przewoznik, Jan"]
[Result "0-1"]
[WhiteElo "2610"]
[BlackElo "2408"]
[PlyCount "68"]
[EventDate "2003.08.30"]
[EventType "team-tourn"]
[EventRounds "9"]
[EventCountry "POL"]
[SourceTitle "EXT 2019"]
[Source "ChessBase"]
[SourceDate "2018.10.10"]
[SourceVersion "1"]
[SourceVersionDate "2018.10.10"]
[SourceQuality "1"]
[WhiteTeam "Warszawa Polonia"]
[BlackTeam "Gorzow Wielkopolski Stilon"]
[WhiteTeamCountry "POL"]
[BlackTeamCountry "POL"]

1. g3 d5 2. Nf3 Nc6 3. Bg2 e5 4. d3 Be6 5. 0-0 f6 6. Nbd2 Qd7 7. c3 Bh3 8. b4 Bxg2 9. Kxg2 Nh6 10. a4 Nf7 11. Ba3 Ncd8 12. c4 d4 13. Qb3 Ne6 14. b5 h5 15. Bxf8 Kxf8 16. h4 Rh6 17. Rh1 Rg6 18. Qa3+ Kg8 19. a5 f5 20. Kh2 Rf8 21. Rhe1 Rg4 22. Kh1 e4 23. Nh2 e3 24. fxe3 Rxg3 25. Ndf3 dxe3 26. Rg1 f4 27. Qb2 Nh6 28. Ne5 Qd8 29. Nhf3 Ng4 30. Rxg3 fxg3 31. Rg1 Rf5 32. Ng6 Kh7 33. d4 Kxg6 34. Rxg3 Rxf3 0-1

[Event "POL-chT 59th"]
[Site "Lubniewice"]
[Date "2003.08.30"]
[Round "1"]
[White "Przewoznik, Jan"]
[Black "Dydyshko, Viacheslav"]
[Result "1/2-1/2"]
[WhiteElo "2408"]
[BlackElo "2548"]
[PlyCount "123"]
[EventDate "2003.08.30"]
[EventType "team-tourn"]
[EventRounds "9"]
[EventCountry "POL"]
[SourceTitle "EXT 2019"]
[Source "ChessBase"]
[SourceDate "2018.10.10"]
[SourceVersion "1"]
[SourceVersionDate "2018.10.10"]
[SourceQuality "1"]
[WhiteTeam "Gorzow Wielkopolski Stilon"]
[BlackTeam "Lublin UMCS"]
[WhiteTeamCountry "POL"]
[BlackTeamCountry "POL"]

1. e4 c5 2. Nf3 d6 3. Bb5+ Nd7 4. d4 cxd4 5. Qxd4 e5 6. Qd3 h6 7. Be3 Ngf6 8. Nc3 Be7 9. Bc4 0-0 10. 0-0 a6 11. a4 Nb6 12. Bb3 Be6 13. a5 Nbd7 14. Nd5 Bxd5 15. Bxd5 Nxd5 16. Qxd5 Qc7 17. Nd2 Rac8 18. Rfc1 Bg5 19. Bxg5 hxg5 20. Nf1 Nf6 21. Qd3 Qc6 22. Ne3 Qxe4 23. Qxd6 Rfd8 24. Qb6 Nd7 25. Qd6 Nc5 26. Qe7 Ne6 27. Rd1 Re8 28. Qa3 Rcd8 29. Rxd8 Rxd8 30. Qe7 Qc6 31. h3 Rd2 32. Ra3 Qd7 33. Qxd7 Rxd7 34. Kf1 f6 35. Rc3 Kf7 36. Rc8 Nd4 37. Ke1 Ke6 38. c3 Nb3 39. Nc4 Nc1 40. g3 Kf5 41. Rb8 Ke4 42. Rxb7 Rxb7 43. Nd6+ Kd5 44. Nxb7 Nd3+ 45. Kd2 Nxb2 46. Kc2 Nc4 47. Kb3 f5 48. Kb4 e4 49. Nc5 Nxa5 50. Nxa6 Nc6+ 51. Kb5 Ne5 52. Nc7+ Kd6 53. Ne8+ Kd7 54. Nxg7 f4 55. gxf4 gxf4 56. Nh5 e3 57. fxe3 fxe3 58. Nf4 Kd6 59. c4 Nd7 60. h4 Ke5 61. Ne2 Kf5 62. c5 1/2-1/2

[Event "POL-chT 58th"]
[Site "Lubniewice"]
[Date "2002.09.04"]
[Round "5"]
[White "Heberla, Bartlomiej"]
[Black "Przewoznik, Jan"]
[Result "1/2-1/2"]
[WhiteElo "2417"]
[BlackElo "2415"]
[PlyCount "118"]
[EventDate "2002.08.31"]
[EventType "team-tourn"]
[EventRounds "9"]
[EventCountry "POL"]
[SourceTitle "EXT 2019"]
[Source "ChessBase"]
[SourceDate "2018.10.10"]
[SourceVersion "1"]
[SourceVersionDate "2018.10.10"]
[SourceQuality "1"]
[WhiteTeam "Grodzisk Polfa Mazowiecki"]
[BlackTeam "Gorzow Wielkopolski Stilon"]
[WhiteTeamCountry "POL"]
[BlackTeamCountry "POL"]

1. e4 Nc6 2. Nf3 d6 3. d4 Nf6 4. Nc3 Bg4 5. d5 Nb8 6. h3 Bxf3 7. Qxf3 g6 8. Be3 Bg7 9. 0-0-0 Nbd7 10. Bd4 0-0 11. h4 c5 12. dxc6 bxc6 13. h5 Nxh5 14. Bxg7 Kxg7 15. g4 Nhf6 16. g5 Nh5 17. Be2 Qa5 18. Rdg1 Rfb8 19. Qh3 Nf8 20. Bxh5 gxh5 21. f4 Qb4 22. b3 Qa3+ 23. Kb1 a5 24. f5 a4 25. g6 fxg6 26. fxg6 hxg6 27. Qxh5 axb3 28. Qh8+ Kf7 29. Rf1+ Ke6 30. Qh3+ Ke5 31. cxb3 Ne6 32. Qg3+ Kd4 33. Rd1+ Kc5 34. Qe3+ Kb4 35. e5 Ka5 36. Rh4 Nc5 37. Kc2 Rb4 38. Rxb4 Qxb4 39. Rd4 Qa3 40. b4+ Kb6 41. bxc5+ Qxc5 42. Rb4+ Kc7 43. Qxc5 dxc5 44. Rc4 Rg8 45. Rxc5 g5 46. Ne4 g4 47. Ng3 Ra8 48. Kb2 Rb8+ 49. Ka1 Rb5 50. Rxb5 cxb5 51. Kb2 Kc6 52. Kc3 Kd5 53. Kb4 Kxe5 54. Kxb5 Kf4 55. Nf1 e5 56. a4 e4 57. a5 g3 58. Nxg3 Kxg3 59. a6 e3 1/2-1/2

[Event "Oberliga Nord O 0102"]
[Site "Germany"]
[Date "2002.01.20"]
[Round "4.1"]
[White "Przewoznik, Jan"]
[Black "Seils, Joerg"]
[Result "1/2-1/2"]
[WhiteElo "2425"]
[BlackElo "2360"]
[PlyCount "95"]
[EventDate "2001.10.07"]
[EventType "team"]
[EventRounds "9"]
[EventCountry "GER"]
[SourceTitle "EXT 2002"]
[Source "ChessBase"]
[SourceDate "2001.11.25"]
[SourceVersion "1"]
[SourceVersionDate "2001.11.25"]
[SourceQuality "1"]
[WhiteTeam "Schwedt"]
[BlackTeam "Berlin Rotation"]
[WhiteTeamCountry "GER"]
[BlackTeamCountry "GER"]

1. Nf3 Nf6 2. c4 e6 3. g3 Be7 4. Bg2 0-0 5. 0-0 d5 6. b3 c5 7. e3 Nc6 8. Bb2 b6 9. Nc3 Ba6 10. Qe2 Rc8 11. d3 Qc7 12. Rfd1 Rfd8 13. Rac1 Qb8 14. h4 h6 15. Bh3 dxc4 16. bxc4 Bb7 17. g4 Nh7 18. Bg2 Nf8 19. a3 Na5 20. Ne4 Bxe4 21. dxe4 Rxd1+ 22. Rxd1 Rd8 23. Rxd8 Qxd8 24. h5 Qd7 25. Qc2 a6 26. Bf1 Nc6 27. e5 Qb7 28. Qe4 Na5 29. Qxb7 Nxb7 30. Nd2 Nd7 31. Bg2 Nd8 32. a4 Nb8 33. Ne4 Ndc6 34. f4 Nb4 35. Bf1 N8c6 36. Kf2 Na5 37. Bc3 Bh4+ 38. Kf3 Bd8 39. Nd6 Nac6 40. f5 Bc7 41. Ke4 Kf8 42. Nb7 Ke7 43. f6+ Kf8 44. Be2 Nb8 45. Nd8 Bxd8 46. a5 bxa5 47. Bd1 g5 48. Ba4 1/2-1/2

[Event "Oberliga Nord O 0001"]
[Site "Germany"]
[Date "2001.??.??"]
[Round "?"]
[White "Boetzer, Detlef"]
[Black "Przewoznik, Jan"]
[Result "0-1"]
[WhiteElo "2310"]
[BlackElo "2410"]
[PlyCount "54"]
[EventDate "2000.10.??"]
[EventType "team"]
[EventRounds "9"]
[EventCountry "GER"]
[SourceTitle "EXT 2004"]
[Source "ChessBase"]
[SourceDate "2003.11.25"]
[SourceVersion "1"]
[SourceVersionDate "2003.11.25"]
[SourceQuality "1"]

1. Nf3 Nc6 2. c4 e5 3. Nc3 d6 4. d4 exd4 5. Nxd4 g6 6. e4 Bg7 7. Be3 Nge7 8. Be2 0-0 9. 0-0 f5 10. exf5 Nxf5 11. Nxf5 Bxf5 12. Qd2 Kh8 13. Rad1 Ne5 14. b3 a6 15. Bh6 Bxh6 16. Qxh6 Qf6 17. Nd5 Qf7 18. f4 Nc6 19. Bf3 Rae8 20. g3 Nd8 21. Rfe1 c6 22. Ne3 Be4 23. Bg4 Qf6 24. Qg5 Qc3 25. Rc1 Qb2 26. Bd7 Nf7 27. Qa5 Ne5 0-1